[Event "Titled Tuesday intern op 19th Sep Early"]
[Site "Chess.com INT"]
[Date "2023.09.19"]
[Round "2"]
[White "Belov, Alexei"]
[Black "Chandra, Vania Vindy"]
[Result "1-0"]
[WhiteElo "2421"]
[BlackElo "1794"]
[PlyCount "55"]
[EventDate "2023.09.19"]
[EventType "swiss (blitz)"]
[EventRounds "11"]
[EventCountry "USA"]
[SourceTitle "EXT 2024"]
[Source "ChessBase"]
[SourceDate "2023.10.10"]
[SourceVersion "1"]
[SourceVersionDate "2023.10.10"]
[SourceQuality "1"]

1. e4 c6 2. d4 d5 3. Nd2 dxe4 4. Nxe4 Bf5 5. Ng3 Bg6 6. N1e2 e6 7. Nf4 Bd6 8. c3 Nf6 9. h4 Qc7 10. Qf3 Nbd7 11. h5 Bf5 12. Nxf5 exf5 13. Bd3 0-0 14. Bxf5 Rfe8+ 15. Kf1 c5 16. Be3 cxd4 17. cxd4 Qb6 18. Nd3 Qb5 19. Rd1 Rac8 20. Kg1 Rc7 21. g4 Nd5 22. Kg2 Nxe3+ 23. fxe3 Rc2+ 24. Kh3 Nf6 25. Rc1 Rec8 26. Rxc2 Rxc2 27. g5 Nxh5 28. Ne5 1-0

[Event "Titled Tuesday intern op 19th Sep Early"]
[Site "Chess.com INT"]
[Date "2023.09.19"]
[Round "1"]
[White "Chandra, Vania Vindy"]
[Black "Willy, Stephen"]
[Result "1-0"]
[WhiteElo "1794"]
[BlackElo "1994"]
[PlyCount "153"]
[EventDate "2023.09.19"]
[EventType "swiss (blitz)"]
[EventRounds "11"]
[EventCountry "USA"]
[SourceTitle "EXT 2024"]
[Source "ChessBase"]
[SourceDate "2023.10.10"]
[SourceVersion "1"]
[SourceVersionDate "2023.10.10"]
[SourceQuality "1"]

1. d4 g6 2. c4 Bg7 3. Nc3 e6 4. e4 Ne7 5. Bd3 f5 6. e5 c5 7. Nb5 0-0 8. Be3 f4 9. Bd2 cxd4 10. Nf3 Nbc6 11. 0-0 Nxe5 12. Nxe5 Bxe5 13. Re1 Bg7 14. Bb4 f3 15. gxf3 b6 16. Be4 Nc6 17. Bxf8 Qxf8 18. Nc7 Rb8 19. Bxc6 dxc6 20. Nxe6 Bxe6 21. Rxe6 c5 22. Qd3 Qf7 23. Rae1 Bf8 24. Qe4 Rd8 25. Re8 Rxe8 26. Qxe8 Qxf3 27. Qe6+ Qf7 28. Qxf7+ Kxf7 29. Re5 Bd6 30. Rd5 Ke6 31. h3 b5 32. b3 b4 33. Kg2 a5 34. Kf3 h5 35. Ke4 Be7 36. f3 Bd6 37. Rg5 Kf6 38. Rd5 Be7 39. Rd7 Ke6 40. Ra7 Bd8 41. Ra6+ Kf7 42. Rd6 Be7 43. Rd7 Ke6 44. Ra7 Bd8 45. Ra6+ Kf7 46. Ra8 Be7 47. Rxa5 Ke6 48. Ra6+ Kd7 49. Rxg6 h4 50. f4 Bd8 51. f5 Ke7 52. Rg7+ Kf6 53. Rg6+ Kf7 54. Rc6 Be7 55. Rc7 Kf6 56. Rc6+ Kf7 57. Ra6 Bf8 58. a3 bxa3 59. Rxa3 Be7 60. Ra4 Bf8 61. Ra6 Be7 62. Kf4 Bd8 63. Ke4 Be7 64. Rc6 Bf8 65. Rc7+ Be7 66. Rd7 Ke8 67. Rd5 Kf7 68. Ke5 Bf6+ 69. Kd6 Be7+ 70. Kd7 Kf6 71. Kc6 Kf7 72. Rd7 Kf6 73. Kd5 Kf7 74. Ke5 Ke8 75. Ke6 Bg5 76. Rg7 Bf4 77. Rg8# 1-0

[Event "Eastern Asia-ch U20 Girls"]
[Site "Batangas"]
[Date "2019.12.13"]
[Round "6"]
[White "Nguyen, Thien Ngan"]
[Black "Chandra, Vania Vindy"]
[Result "1-0"]
[WhiteElo "1906"]
[BlackElo "1830"]
[PlyCount "79"]
[EventDate "2019.12.10"]
[EventType "swiss"]
[EventRounds "9"]
[EventCountry "PHI"]
[SourceTitle "CBM 193 Extra"]
[Source "ChessBase"]
[SourceDate "2020.01.31"]
[SourceVersion "1"]
[SourceVersionDate "2020.01.31"]
[SourceQuality "1"]

1. e4 c6 2. d4 d5 3. Nc3 dxe4 4. Nxe4 Bf5 5. Ng3 Bg6 6. h4 h6 7. Nh3 e6 8. Nf4 Bh7 9. Bc4 Nf6 10. Be3 Bd6 11. Qd2 Qc7 12. 0-0-0 Ne4 13. Nxe4 Bxe4 14. Nh5 Bf8 15. Bf4 Qb6 16. Be5 Bxg2 17. Rhg1 Bf3 18. Nxg7+ Bxg7 19. Bxg7 Rg8 20. Bxh6 Rh8 21. Rde1 Bd5 22. Bxd5 cxd5 23. Bg7 Rxh4 24. Bf6 Rh3 25. Rg8+ Kd7 26. Rf8 Rh7 27. Rd8+ Qxd8 28. Bxd8 Kxd8 29. Qg5+ Kc7 30. Qg8 Rh3 31. f4 a5 32. f5 exf5 33. Re7+ Kb6 34. Qc8 Rh1+ 35. Kd2 Rh2+ 36. Ke1 Rh1+ 37. Kf2 Ra7 38. Qc5+ Ka6 39. a4 Ra8 40. Qb5+ 1-0

[Event "Eastern Asia-ch U20 Girls"]
[Site "Batangas"]
[Date "2019.12.11"]
[Round "2"]
[White "Mendoza, Bea"]
[Black "Chandra, Vania Vindy"]
[Result "1-0"]
[WhiteElo "1653"]
[BlackElo "1830"]
[PlyCount "141"]
[EventDate "2019.12.10"]
[EventType "swiss"]
[EventRounds "9"]
[EventCountry "PHI"]
[SourceTitle "CBM 193 Extra"]
[Source "ChessBase"]
[SourceDate "2020.01.31"]
[SourceVersion "1"]
[SourceVersionDate "2020.01.31"]
[SourceQuality "1"]

1. e4 c6 2. Nc3 d5 3. Nf3 Bg4 4. exd5 cxd5 5. h3 Bxf3 6. Qxf3 e6 7. Bb5+ Nc6 8. 0-0 Bd6 9. d4 Nge7 10. Ne2 0-0 11. Bf4 Nf5 12. c3 Be7 13. Bd3 Nd6 14. Rfe1 a5 15. Ng3 Qd7 16. Qh5 f5 17. Bxd6 Bxd6 18. Qf3 Rf6 19. Nh5 Rg6 20. Nf4 Bxf4 21. Qxf4 Nd8 22. Re3 Nf7 23. Rg3 Rxg3 24. Qxg3 Nd6 25. Re1 a4 26. Qe3 Kf7 27. Qe2 a3 28. b3 b5 29. Qh5+ Kg8 30. Qe2 Re8 31. c4 bxc4 32. bxc4 Rb8 33. cxd5 exd5 34. Qe5 Qc6 35. Bxf5 Re8 36. Be6+ Kh8 37. Rb1 Nb5 38. Qxd5 Qxd5 39. Bxd5 Nxd4 40. Rb6 g6 41. Ra6 Rd8 42. Be4 Ne2+ 43. Kh2 Nc3 44. Bf3 Nxa2 45. Rxa3 Nb4 46. Ra8 Rxa8 47. Bxa8 Kg7 48. Be4 Kf6 49. f4 Na6 50. Kg3 Nc5 51. Bc2 Ne6 52. h4 Nd4 53. Bd3 Nf5+ 54. Bxf5 gxf5 55. Kf3 Kg6 56. g4 fxg4+ 57. Kxg4 h5+ 58. Kg3 Kf6 59. Kf2 Ke6 60. Ke3 Kf5 61. Kf3 Kf6 62. Ke4 Ke6 63. f5+ Kf6 64. Kf4 Kf7 65. Kg5 Kg7 66. Kxh5 Kf6 67. Kg4 Kf7 68. Kg5 Kg7 69. f6+ Kh7 70. Kf5 Kg8 71. Ke6 1-0

[Event "Asian-ch U18 Girls Rapid"]
[Site "Chiangmai"]
[Date "2018.04.01"]
[Round "7.1"]
[White "Chandra, Vania Vindy"]
[Black "Arpita, Mukherjee"]
[Result "0-1"]
[WhiteElo "1832"]
[BlackElo "1787"]
[PlyCount "114"]
[EventDate "2018.04.01"]
[EventType "swiss (rapid)"]
[EventRounds "7"]
[EventCountry "THA"]
[SourceTitle "EXT 2024"]
[Source "ChessBase"]
[SourceDate "2023.10.10"]
[SourceVersion "1"]
[SourceVersionDate "2023.10.10"]
[SourceQuality "1"]

1. d4 Nf6 2. c4 g6 3. Nc3 Bg7 4. e4 d6 5. f3 0-0 6. Be3 c5 7. d5 e6 8. Qd2 exd5 9. cxd5 a6 10. a4 Qa5 11. Bd3 b5 12. Nge2 c4 13. Bb1 Nbd7 14. 0-0 Bb7 15. Nd4 Rac8 16. axb5 Qxa1 17. Ba2 Qxf1+ 18. Kxf1 Ne5 19. Nc6 Bxc6 20. bxc6 Rb8 21. Na4 Rb5 22. Nb6 Ne8 23. Bd4 f5 24. Nd7 Nxd7 25. cxd7 Nf6 26. Bxc4 Rb7 27. Bxa6 Rxd7 28. b4 fxe4 29. b5 exf3 30. gxf3 Ne4 31. Qe3 Rxf3+ 32. Qxf3 Nd2+ 33. Ke2 Nxf3 34. Bxg7 Ng1+ 35. Kf1 Kxg7 36. Kxg1 Ra7 37. Bc8 Ra1+ 38. Kf2 Rb1 39. Bd7 Kf6 40. Ke2 Ke5 41. Bc6 Kd4 42. Kd2 Rb2+ 43. Kc1 Rb4 44. Kc2 Kc5 45. Kd3 Rh4 46. Ke3 Rxh2 47. Kf4 h5 48. Kg3 Rb2 49. Be8 Rb4 50. Kh3 Rg4 51. Bc6 g5 52. Bd7 Rd4 53. Bc6 Rxd5 54. Be8 Rd3+ 55. Kg2 h4 56. Bd7 Rg3+ 57. Kf2 g4 0-1

[Event "Eastern Asia-ch U20 Girls"]
[Site "Tagaytay CIty"]
[Date "2017.06.01"]
[Round "6.4"]
[White "Mordido, Kylen Joy"]
[Black "Chandra, Vania Vindy"]
[Result "1-0"]
[WhiteElo "1830"]
[BlackElo "1809"]
[PlyCount "105"]
[EventDate "2017.05.27"]
[EventType "swiss"]
[EventRounds "9"]
[EventCountry "PHI"]
[SourceTitle "EXT 2024"]
[Source "ChessBase"]
[SourceDate "2023.10.10"]
[SourceVersion "1"]
[SourceVersionDate "2023.10.10"]
[SourceQuality "1"]

1. c4 e5 2. g3 c6 3. d4 e4 4. Nc3 d5 5. cxd5 cxd5 6. Qb3 Ne7 7. Nh3 Nbc6 8. e3 Bxh3 9. Bxh3 Rb8 10. 0-0 g6 11. f3 exf3 12. Rxf3 Bg7 13. Bd2 0-0 14. Raf1 Na5 15. Qd1 Nc4 16. Bc1 b5 17. Kh1 Qd6 18. b3 Na5 19. Bd2 Nac6 20. g4 Rb7 21. Be1 g5 22. Bg2 Qd7 23. Rh3 h6 24. Rh5 Nd8 25. h4 b4 26. Na4 Ne6 27. hxg5 hxg5 28. Qd3 Ng6 29. Rf5 Rc7 30. Rxd5 Qc8 31. Bd2 Re8 32. Be4 Nef8 33. Bf5 Qb7 34. e4 Ne7 35. Rb5 Qa8 36. Nc5 Nxf5 37. gxf5 Rxc5 38. Rxc5 Rxe4 39. d5 Rd4 40. Qc2 f6 41. Be3 Qe8 42. Rh3 Re4 43. Bg1 Re2 44. Qc4 Re4 45. Qd3 g4 46. Rh4 Qe5 47. d6 Qf4 48. Rc4 Qg5 49. Rh2 Re5 50. d7 g3 51. Rh3 g2+ 52. Kh2 Nxd7 53. Qxd7 1-0

[Event "Eastern Asia-ch U20 Girls"]
[Site "Tagaytay CIty"]
[Date "2017.05.29"]
[Round "3.6"]
[White "Chandra, Vania Vindy"]
[Black "Dela Cruz, Daren"]
[Result "1-0"]
[WhiteElo "1809"]
[BlackElo "1287"]
[PlyCount "97"]
[EventDate "2017.05.27"]
[EventType "swiss"]
[EventRounds "9"]
[EventCountry "PHI"]
[SourceTitle "EXT 2024"]
[Source "ChessBase"]
[SourceDate "2023.10.10"]
[SourceVersion "1"]
[SourceVersionDate "2023.10.10"]
[SourceQuality "1"]

1. d4 Nf6 2. c4 g6 3. Nc3 Bg7 4. e4 d6 5. f3 0-0 6. Be3 e5 7. d5 h6 8. Qd2 Kh7 9. Bd3 c6 10. g4 cxd5 11. cxd5 a5 12. h4 Nbd7 13. h5 g5 14. Nh3 Nc5 15. Bc4 a4 16. Bxg5 hxg5 17. Nxg5+ Kg8 18. h6 Bh8 19. h7+ Kg7 20. Ne6+ fxe6 21. Qh6+ Kf7 22. g5 Nxh7 23. Qxh7+ Bg7 24. dxe6+ Bxe6 25. g6+ Kf6 26. Bxe6 Kxe6 27. Qxg7 Qf6 28. Qxf6+ Kxf6 29. 0-0-0 Rad8 30. Rhg1 Kg7 31. Rg3 Rf6 32. Nb5 Rc8 33. Kb1 Rd8 34. Rd5 b6 35. Na3 Rc8 36. Rd1 Nb7 37. Nb5 Rxg6 38. Rxg6+ Kxg6 39. Nxd6 Rd8 40. Rg1+ Kf6 41. Nxb7 Rd7 42. Kc2 Rxb7 43. Kc3 Rd7 44. Rg2 Rd4 45. Rd2 Rxd2 46. Kxd2 Kg6 47. Ke3 b5 48. f4 Kf7 49. fxe5 1-0